[Event "Srpska Republic-chT 1st League"]
[Site "Banja Vrucica"]
[Date "2012.08.12"]
[Round "2"]
[White "Elez, Sinisa"]
[Black "Grubisic, Ilija"]
[Result "1/2-1/2"]
[WhiteElo "2157"]
[BlackElo "2310"]
[PlyCount "42"]
[EventDate "2012.08.11"]
[EventType "team-tourn"]
[EventRounds "7"]
[EventCountry "BIH"]
[SourceTitle "CBM 149 Extra"]
[Source "ChessBase"]
[SourceDate "2012.08.24"]
[SourceVersion "1"]
[SourceVersionDate "2012.08.24"]
[SourceQuality "1"]
[WhiteTeam "Bijeljina"]
[BlackTeam "Sokolac"]
[WhiteTeamCountry "SRB"]
[BlackTeamCountry "SRB"]

1. e4 d6 2. d4 Nf6 3. Nc3 g6 4. Nf3 Bg7 5. Be2 0-0 6. 0-0 Nc6 7. d5 Nb8 8. Bg5 h6 9. Bf4 e5 10. dxe6 Bxe6 11. Qd2 Kh7 12. Nd4 Bd7 13. e5 dxe5 14. Bxe5 Ne8 15. Bxg7 Kxg7 16. Rad1 Nd6 17. Bf3 Na6 18. Ne4 Nxe4 19. Bxe4 c6 20. Nf3 Be6 21. Qc3+ Qf6 1/2-1/2

[Event "Srpska Republic-chT 1st League"]
[Site "Banja Vrucica"]
[Date "2011.08.08"]
[Round "3"]
[White "Grubisic, Ilija"]
[Black "Kitic, Radislav"]
[Result "1/2-1/2"]
[WhiteElo "2347"]
[BlackElo "2187"]
[PlyCount "80"]
[EventDate "2011.08.06"]
[EventType "team-tourn"]
[EventRounds "9"]
[EventCountry "BIH"]
[SourceTitle "EXT 2019"]
[Source "ChessBase"]
[SourceDate "2018.10.10"]
[SourceVersion "1"]
[SourceVersionDate "2018.10.10"]
[SourceQuality "1"]

1. Nf3 Nf6 2. c4 c5 3. e3 d5 4. cxd5 Nxd5 5. a3 e6 6. d4 cxd4 7. Nxd4 Be7 8. e4 Nf6 9. Nc3 0-0 10. Be3 a6 11. Be2 b5 12. e5 Nd5 13. Nxd5 exd5 14. 0-0 Bb7 15. f4 Nd7 16. Rf3 Nc5 17. Rh3 Ne4 18. Bd3 Bc5 19. Qh5 h6 20. b4 Bxd4 21. Bxd4 Bc8 22. f5 Qg5 23. Qxg5 Nxg5 24. Re3 Bb7 25. h4 Ne4 26. g4 Rac8 27. g5 h5 28. Ree1 Nd2 29. Bc5 Nf3+ 30. Kf2 Nxe1 31. Rxe1 Rfe8 32. Kg3 Rc6 33. Kf4 g6 34. e6 fxe6 35. fxg6 e5+ 36. Rxe5 Rxe5 37. Kxe5 Kg7 38. Be7 Rxg6 39. Bxg6 Kxg6 40. Bc5 d4 1/2-1/2

[Event "SRB-chT2 West"]
[Site "Valjevo"]
[Date "2010.10.14"]
[Round "6"]
[White "Grubisic, Ilija"]
[Black "Raicevic, Momcilo"]
[Result "0-1"]
[WhiteElo "2345"]
[BlackElo "2348"]
[PlyCount "63"]
[EventDate "2010.09.12"]
[EventType "team-tourn"]
[EventRounds "9"]
[EventCountry "YUG"]
[SourceTitle "EXT 2011"]
[Source "ChessBase"]
[SourceDate "2010.11.26"]
[SourceVersion "1"]
[SourceVersionDate "2010.11.26"]
[SourceQuality "1"]

1. Nf3 d5 2. b3 Nf6 3. e3 g6 4. Bb2 Bg7 5. d4 0-0 6. Nbd2 Bf5 7. Ne5 Nbd7 8. Nxd7 Nxd7 9. g4 Be6 10. f4 c5 11. Qf3 cxd4 12. exd4 Nf6 13. f5 Bd7 14. Bd3 Qa5 15. c3 Rac8 16. b4 Qb6 17. Kf1 e6 18. Kg2 exf5 19. gxf5 Qd6 20. Rhf1 Bh6 21. Nb3 Ne4 22. Nc5 Bxf5 23. Nxe4 dxe4 24. Bxe4 Bxe4 25. Qxe4 Rce8 26. Qg4 b5 27. Qf3 Re7 28. Rf2 Rfe8 29. h3 Bf4 30. Kh1 f5 31. a4 Be3 32. Rg2 0-1

[Event "SRB Central-ch"]
[Site "Vrnjacka Banja"]
[Date "2009.11.14"]
[Round "8"]
[White "Boskovic, Drasko"]
[Black "Grubisic, Ilija"]
[Result "1-0"]
[WhiteElo "2438"]
[BlackElo "2340"]
[PlyCount "63"]
[EventDate "2009.11.09"]
[EventType "swiss"]
[EventRounds "9"]
[EventCountry "YUG"]
[SourceTitle "EXT 2010"]
[Source "ChessBase"]
[SourceDate "2010.11.25"]
[SourceVersion "1"]
[SourceVersionDate "2010.11.25"]
[SourceQuality "1"]

1. e4 e6 2. d4 d5 3. Nd2 Nc6 4. Ngf3 Nf6 5. e5 Nd7 6. Bb5 Be7 7. 0-0 Ncb8 8. Re1 b6 9. c3 Ba6 10. Bxa6 Nxa6 11. Qe2 Qc8 12. Nf1 c5 13. Bg5 c4 14. Bxe7 Kxe7 15. Nh4 g5 16. Nf3 Qg8 17. b3 b5 18. a4 Nb6 19. axb5 Nc7 20. bxc4 Nxc4 21. N3d2 Nb6 22. Ne3 Qg6 23. Ra5 Nc8 24. c4 Rd8 25. c5 Rb8 26. h3 h5 27. Rb1 Rg8 28. g3 g4 29. h4 f5 30. Ng2 f4 31. Nxf4 Qf5 32. Qd3 1-0

[Event "Belgrade Spring op"]
[Site "Belgrade"]
[Date "2009.03.30"]
[Round "8"]
[White "Grubisic, Ilija"]
[Black "Radlovacki, Jovan"]
[Result "1-0"]
[WhiteElo "2265"]
[BlackElo "2387"]
[PlyCount "81"]
[EventDate "2009.03.21"]
[EventType "swiss"]
[EventRounds "9"]
[EventCountry "YUG"]
[SourceTitle "CBM 129 Extra"]
[Source "ChessBase"]
[SourceDate "2009.05.05"]
[SourceVersion "2"]
[SourceVersionDate "2009.05.20"]
[SourceQuality "1"]

1. e4 d5 2. exd5 Qxd5 3. Nc3 Qd6 4. d4 Nf6 5. Nb5 Qd8 6. c4 c6 7. Nc3 e5 8. dxe5 Qe7 9. Qe2 Nfd7 10. f4 Nc5 11. Be3 Nba6 12. 0-0-0 Bf5 13. Bxc5 Nxc5 14. g4 Bd7 15. Bg2 Qh4 16. h3 0-0-0 17. Qe3 f5 18. exf6 Qxf6 19. Nge2 Qf7 20. b3 Be7 21. Ng3 Rhe8 22. Nge4 Nxe4 23. Nxe4 a5 24. Rhf1 a4 25. Qa7 h5 26. f5 hxg4 27. hxg4 axb3 28. axb3 Bb4 29. Qb6 Qf8 30. Kc2 Rxe4 31. Bxe4 Bc5 32. Qa5 Bb4 33. Qe5 Re8 34. Qd4 Qe7 35. Bf3 Rd8 36. Qe4 Qc5 37. Ra1 Kc7 38. Rfd1 Rh8 39. Qf4+ Kb6 40. Rxd7 Qf2+ 41. Kd3 1-0